000 00919nam a22002897a 4500
001 BR7375677
003 BR-BrBNA
005 20230928084434.0
007 ta
008 230509b bl.||||| |||| 00| 0 por d
040 _aBR-BrBNA
_bpor
_cBiblioteca Nacional de Agricultura
041 _a(Por)
072 _aE10
090 _ E10 BR7375677
100 1 _aTamura, N.
110 1 _aGrupo Executivo de Coordenacao do Credito Rural, Sao Paulo, SP (Brasil)
_95469
245 1 _aEconomia e desenvolvimento economico [Investimento; Consumo; Custo]
260 3 _aSao Paulo, SP (Brasil):
_c[nd].
300 _a32 p.
500 _a6 ref.; Published after 1961. (*) Documento disponível na(o) Instituto de Economia Agricola, Sao Paulo, SP (Brazil)
650 _aDESENVOLVIMENTO ECONOMICO
650 _aCONSUMO
650 _aINVESTIMENTO
650 _aCUSTO
909 _a202309
_bLucia
_c55
_dLucia Elande
942 _cBK
999 _c18960
_d18960